Normal view
MARC view
Entry Topical Term
001 - CONTROL NUMBER
- control field: 26971
003 - CONTROL NUMBER IDENTIFIER
- control field: OSt
005 - DATE AND TIME OF LATEST TRANSACTION
- control field: 20260603151510.0
008 - FIXED-LENGTH DATA ELEMENTS
- fixed length control field: 260603|| aca||aabn | a|a d
040 ## - CATALOGING SOURCE
- Original cataloging agency: OSt
- Transcribing agency: OSt
150 ## - HEADING--TOPICAL TERM
- Topical term or geographic name entry element: Problem solving
670 ## - SOURCE DATA FOUND
- Source citation: Work cat.: (OSt)23131: Friedman Frank L. 26970, A Problem Solvig, Abstraction, Design using , 2000
